Kumpulan kertas kerja seminar penghayatan dan pengukuhan dan kemerdekaan Malaysia (jilid 2)

Bibliographic Details
Format: Book
Published: Kuala Lumpur : Arkib Negara MAlaysia , 2000
Subjects:

MARC

LEADER 00000cam a2200000 7i4500
001 0000021222
005 20080715.0
008 080715
020 |a 9679120600 
090 0 0 |a 959.5   |b KUM 
245 1 0 |a Kumpulan kertas kerja seminar penghayatan dan pengukuhan dan kemerdekaan Malaysia (jilid 2) 
260 |a Kuala Lumpur :   |b Arkib Negara MAlaysia ,   |c 2000 
650 0 |a Independence day (Malaysia)   |x Congresses 
650 0 |a Malaysia   |x History   |x Congresses 
650 0 |a Malaysia   |x Politics and goverment   |x Congresses 
650 0 |a Nationalism   |z Malaysia   |x Congresses 
999 |a 0001029505   |b Book   |c REFERENCE   |e Perbadanan Perpustakaan Awam Johor